[Event "La Zubia op"]
[Site "La Zubia"]
[Date "2023.12.09"]
[Round "5"]
[White "Serrano Almendros, Angel"]
[Black "Alonso Vargas, David"]
[Result "1-0"]
[WhiteElo "2213"]
[BlackElo "1892"]
[PlyCount "47"]
[EventDate "2023.12.07"]
[EventType "swiss"]
[EventRounds "7"]
[EventCountry "ESP"]
[SourceTitle "CB50_2023"]
[SourceDate "2023.12.13"]
[SourceVersion "1"]
[SourceVersionDate "2023.12.13"]
[SourceQuality "1"]

1. e4 c5 2. Nf3 d6 3. d4 cxd4 4. Nxd4 Nf6 5. Nc3 a6 6. Bg5 e6 7. f4 Be7 8. Qf3 h6 9. Bh4 Nbd7 10. 0-0-0 Qc7 11. Be2 b5 12. Bxf6 Nxf6 13. e5 Bb7 14. Qg3 dxe5 15. fxe5 Nd7 16. Nxe6 fxe6 17. Qg6+ Kd8 18. Qxe6 Rc8 19. Bg4 Bc6 20. Kb1 Qb7 21. Rd3 Rf8 22. Rhd1 Rc7 23. Nd5 Bxd5 24. Rxd5 1-0

[Event "ESP-ch U14 rapid"]
[Site "Salobrena"]
[Date "2023.07.23"]
[Round "8"]
[White "Alonso Vargas, David"]
[Black "Mata Medina, Andres"]
[Result "1-0"]
[WhiteElo "1753"]
[BlackElo "1629"]
[PlyCount "63"]
[EventDate "2023.07.22"]
[EventType "swiss (rapid)"]
[EventRounds "9"]
[EventCountry "ESP"]
[SourceTitle "EXT 2024"]
[Source "ChessBase"]
[SourceDate "2023.10.10"]
[SourceVersion "1"]
[SourceVersionDate "2023.10.10"]
[SourceQuality "1"]

1. e4 e5 2. Nf3 Nf6 3. Nxe5 d6 4. Nf3 Nxe4 5. Nc3 Nxc3 6. dxc3 Be7 7. Bd3 Nc6 8. 0-0 Be6 9. Bf4 Qd7 10. a4 h6 11. Nd4 Nxd4 12. cxd4 0-0 13. Re1 Bf6 14. c3 Bf5 15. Re3 Kh8 16. Qc2 Bxd3 17. Qxd3 g5 18. Rh3 Kg7 19. Bd2 Rh8 20. f4 g4 21. Rh5 Rae8 22. f5 Qc6 23. Qg3 Bg5 24. Bxg5 hxg5 25. Rxg5+ Kf6 26. Rxg4 Re4 27. Rg7 Rh5 28. Rxf7+ Kxf7 29. Qg6+ Ke7 30. f6+ Kf8 31. Qg7+ Ke8 32. f7+ 1-0

[Event "ESP-ch U14 rapid"]
[Site "Salobrena"]
[Date "2023.07.23"]
[Round "9"]
[White "Alonso Vargas, David"]
[Black "Povshednyi, Ivan"]
[Result "1-0"]
[WhiteElo "1753"]
[BlackElo "2109"]
[PlyCount "125"]
[EventDate "2023.07.22"]
[EventType "swiss (rapid)"]
[EventRounds "9"]
[EventCountry "ESP"]
[SourceTitle "EXT 2024"]
[Source "ChessBase"]
[SourceDate "2023.10.10"]
[SourceVersion "1"]
[SourceVersionDate "2023.10.10"]
[SourceQuality "1"]

1. e4 c6 2. d4 d5 3. exd5 cxd5 4. c4 e6 5. Nc3 Nf6 6. Nf3 Bb4 7. Bg5 0-0 8. Bd3 dxc4 9. Bxc4 Nc6 10. 0-0 Be7 11. Qd2 Nb4 12. Rad1 Nbd5 13. Bxf6 Bxf6 14. Nxd5 exd5 15. Bd3 Bg4 16. h3 Bxf3 17. gxf3 Qd6 18. f4 Rad8 19. Kh1 Kh8 20. Bb1 Rfe8 21. Rg1 Qe6 22. Qd3 g6 23. Rd2 Bg7 24. f5 Qf6 25. fxg6 hxg6 26. Qg3 Rc8 27. Rd3 Re2 28. Rf3 Qe7 29. Bxg6 fxg6 30. Qxg6 Rc6 31. Qh5+ Rh6 32. Qg4 Re4 33. Qc8+ Qe8 34. Qxb7 Rg6 35. Qxd5 Rxg1+ 36. Kxg1 Re1+ 37. Kh2 Re2 38. Rf4 Re6 39. Rh4+ Bh6 40. Qh5 Qxh5 41. Rxh5 Kg7 42. Ra5 a6 43. Kg3 Rb6 44. b3 Kg6 45. f4 Rf6 46. f5+ Kg7 47. Kg4 Rd6 48. d5 Kf6 49. Rc5 Ke5 50. h4 Be3 51. Rc4 Kxd5 52. Rc3 Bd4 53. Rd3 Ke4 54. Rd1 Rd8 55. Re1+ Be3 56. f6 Rg8+ 57. Kh5 Kf5 58. Rf1+ Ke6 59. f7 Rf8 60. Kg6 Bd4 61. Re1+ Kd6 62. Rd1 Kd5 63. Rxd4+ 1-0

[Event "ESP-ch U14 rapid"]
[Site "Salobrena"]
[Date "2023.07.22"]
[Round "3"]
[White "Alonso Vargas, David"]
[Black "Villa Tornero, Alex"]
[Result "0-1"]
[WhiteElo "1753"]
[BlackElo "2175"]
[PlyCount "68"]
[EventDate "2023.07.22"]
[EventType "swiss (rapid)"]
[EventRounds "9"]
[EventCountry "ESP"]
[SourceTitle "EXT 2024"]
[Source "ChessBase"]
[SourceDate "2023.10.10"]
[SourceVersion "1"]
[SourceVersionDate "2023.10.10"]
[SourceQuality "1"]

1. e4 Nf6 2. e5 Nd5 3. d4 d6 4. c4 Nb6 5. exd6 cxd6 6. Nc3 g6 7. Nf3 Bg7 8. Be3 0-0 9. h3 Nc6 10. Bd3 e5 11. dxe5 dxe5 12. Qe2 Nd4 13. Qd2 Be6 14. b3 Nxf3+ 15. gxf3 Qe7 16. 0-0-0 Rac8 17. Kb1 Rfd8 18. Qc2 Qb4 19. Bxb6 Qxb6 20. Ne4 Rd4 21. c5 Qb4 22. Qd2 Qxd2 23. Rxd2 Bh6 24. Rdd1 f5 25. Nd6 Rxc5 26. Nxb7 Rcd5 27. Be2 Rd2 28. Rxd2 Rxd2 29. Bc4 Kf7 30. Bxe6+ Kxe6 31. Rc1 Rxf2 32. Rc3 Rf1+ 33. Kb2 e4 34. fxe4 Bg7 0-1

[Event "ESP-ch U14"]
[Site "Salobrena"]
[Date "2023.07.21"]
[Round "7"]
[White "Menendez Perez, Miguel"]
[Black "Alonso Vargas, David"]
[Result "0-1"]
[WhiteElo "1675"]
[BlackElo "1931"]
[PlyCount "90"]
[EventDate "2023.07.17"]
[EventType "swiss"]
[EventRounds "9"]
[EventCountry "ESP"]
[SourceTitle "EXT 2024"]
[Source "ChessBase"]
[SourceDate "2023.10.10"]
[SourceVersion "1"]
[SourceVersionDate "2023.10.10"]
[SourceQuality "1"]

1. e4 Nc6 2. d4 e6 3. Nf3 d5 4. Bd3 Nf6 5. Nbd2 Nb4 6. Qe2 c5 7. c3 Nxd3+ 8. Qxd3 cxd4 9. cxd4 dxe4 10. Nxe4 Bb4+ 11. Bd2 Bxd2+ 12. Nfxd2 0-0 13. 0-0 Bd7 14. Nxf6+ Qxf6 15. Ne4 Qg6 16. Rac1 Bc6 17. f3 Rfd8 18. Qe3 Rd5 19. Rc5 Rad8 20. Rxd5 Bxd5 21. Rc1 h6 22. a3 Bc6 23. Nc3 Qf6 24. Rd1 Bd5 25. Rc1 Bc6 26. Rd1 Rd7 27. b4 b6 28. Rd2 Qd8 29. Ne2 Bb5 30. Nf4 Bc4 31. Qc3 b5 32. a4 a6 33. axb5 axb5 34. d5 Qb6+ 35. Kh1 exd5 36. Qe5 Qd6 37. Qf5 Re7 38. g3 Qxb4 39. Qc8+ Kh7 40. Qf5+ g6 41. Qc2 Qc5 42. Ng2 Qa3 43. Nh4 Re1+ 44. Kg2 Bf1+ 45. Kf2 Qe3# 0-1

[Event "ESP-ch U14"]
[Site "Salobrena"]
[Date "2023.07.19"]
[Round "5"]
[White "Vecillas Rey, Daniel"]
[Black "Alonso Vargas, David"]
[Result "0-1"]
[WhiteElo "1575"]
[BlackElo "1931"]
[PlyCount "66"]
[EventDate "2023.07.17"]
[EventType "swiss"]
[EventRounds "9"]
[EventCountry "ESP"]
[SourceTitle "EXT 2024"]
[Source "ChessBase"]
[SourceDate "2023.10.10"]
[SourceVersion "1"]
[SourceVersionDate "2023.10.10"]
[SourceQuality "1"]

1. e4 c5 2. Nf3 a6 3. d4 cxd4 4. Nxd4 e5 5. Nb3 Nf6 6. Nc3 d6 7. Be2 Be6 8. Be3 Be7 9. Nd5 Bxd5 10. exd5 Nbd7 11. c4 Rc8 12. 0-0 0-0 13. a4 Nb6 14. Nd2 Qc7 15. a5 Nbd7 16. b4 Ne8 17. Ne4 f5 18. Ng5 Bxg5 19. Bxg5 f4 20. f3 h6 21. Bh4 g5 22. Bf2 Kh8 23. Qd3 Rf6 24. h4 Ng7 25. Kh2 Nf5 26. hxg5 hxg5 27. g4 fxg3+ 28. Bxg3 Nf8 29. Bf2 Ng6 30. Be3 Qh7+ 31. Kg2 Nxe3+ 32. Qxe3 Nf4+ 33. Kg1 Qh3 0-1

[Event "Benalmadena Rapid op 1st"]
[Site "Benalmadena"]
[Date "2023.02.26"]
[Round "6"]
[White "Alonso Vargas, David"]
[Black "Diaz Mino, Pablo"]
[Result "0-1"]
[WhiteElo "1856"]
[BlackElo "2234"]
[PlyCount "80"]
[EventDate "2023.02.25"]
[EventType "swiss (rapid)"]
[EventRounds "9"]
[EventCountry "ESP"]
[SourceTitle "CBM 212 Extra"]
[Source "ChessBase"]
[SourceDate "2023.03.31"]
[SourceVersion "1"]
[SourceVersionDate "2023.03.31"]
[SourceQuality "1"]

1. e4 e5 2. Nc3 Nc6 3. g3 Nf6 4. Bg2 Bc5 5. Nf3 d6 6. Na4 Nxe4 7. 0-0 0-0 8. d3 Nf6 9. Nxc5 dxc5 10. Be3 Qe7 11. h3 Nd5 12. Bd2 Be6 13. Re1 f6 14. Kh2 Qd7 15. c3 Nb6 16. Be3 Rfd8 17. d4 cxd4 18. cxd4 e4 19. Nd2 f5 20. Nb3 Bxb3 21. Qxb3+ Qd5 22. Qxd5+ Nxd5 23. a3 Rd7 24. Red1 Rad8 25. Rd2 Nb6 26. Rad1 h6 27. Bf1 Nd5 28. b4 Nce7 29. Bc4 g5 30. h4 gxh4 31. gxh4 Kh7 32. Rc2 c6 33. b5 f4 34. Bc1 Rg8 35. Bxd5 Nxd5 36. bxc6 bxc6 37. Rxc6 Rdg7 38. Rd6 Rg2+ 39. Kh1 R2g4 40. Rd7+ Kh8 0-1

[Event "ESP-ch U12 Rapid"]
[Site "Salobrena"]
[Date "2022.07.17"]
[Round "7"]
[White "Rey Martinez, Jaime"]
[Black "Alonso Vargas, David"]
[Result "1-0"]
[WhiteElo "1910"]
[BlackElo "1303"]
[PlyCount "55"]
[EventDate "2022.07.09"]
[EventType "swiss (rapid)"]
[EventRounds "9"]
[EventCountry "ESP"]
[SourceTitle "EXT 2023"]
[Source "ChessBase"]
[SourceDate "2022.10.05"]
[SourceVersion "1"]
[SourceVersionDate "2022.10.05"]
[SourceQuality "1"]

1. e4 c5 2. Nf3 d6 3. d4 cxd4 4. Nxd4 Nf6 5. Nc3 a6 6. h3 e5 7. Nde2 h5 8. g3 Be7 9. Bg2 Be6 10. f4 Qb6 11. b3 g6 12. Qd3 exf4 13. gxf4 Nc6 14. Be3 Qc7 15. 0-0 Rc8 16. Qd2 Qd7 17. Kh2 h4 18. Nd5 Bxd5 19. exd5 Nb8 20. Nd4 Nh5 21. f5 Ng3 22. fxg6 Nxf1+ 23. Rxf1 fxg6 24. Be4 Rg8 25. Ne6 Qb5 26. c4 Qd7 27. Qf2 b5 28. Qf7# 1-0

[Event "ESP-ch U12 Rapid"]
[Site "Salobrena"]
[Date "2022.07.16"]
[Round "2"]
[White "Alonso Vargas, David"]
[Black "Gonzalez Gonzalez, Javier I"]
[Result "1-0"]
[WhiteElo "1303"]
[BlackElo "1539"]
[PlyCount "123"]
[EventDate "2022.07.09"]
[EventType "swiss (rapid)"]
[EventRounds "9"]
[EventCountry "ESP"]
[SourceTitle "EXT 2023"]
[Source "ChessBase"]
[SourceDate "2022.10.05"]
[SourceVersion "1"]
[SourceVersionDate "2022.10.05"]
[SourceQuality "1"]

1. e4 c5 2. Nf3 Nc6 3. d4 cxd4 4. Nxd4 g6 5. Nc3 Bg7 6. Be3 Nf6 7. Be2 0-0 8. Qd2 d5 9. exd5 Nxd5 10. Nxd5 Qxd5 11. Bf3 Qc4 12. Be2 Qd5 13. Bf3 Qd7 14. Nxc6 Qxd2+ 15. Bxd2 bxc6 16. 0-0-0 Rb8 17. c3 Be6 18. a3 c5 19. Be3 Rfc8 20. Bf4 Rb6 21. Rhe1 Bf6 22. Bd5 Bf5 23. h3 g5 24. Be5 Bxe5 25. Rxe5 e6 26. Bf3 Rcb8 27. Rd2 h6 28. Rxc5 Rb3 29. a4 Ra3 30. Kd1 Rxa4 31. Bc6 Ra2 32. Rb5 Rc8 33. Bd7 Rd8 34. g4 Be4 35. Ke2 Bb7 36. Rxb7 a5 37. Bc6 Rc8 38. Be4 a4 39. Ra7 Rb8 40. Ra8 Rxa8 41. Bxa8 a3 42. bxa3 Rxa3 43. Rd8+ Kg7 44. Rc8 Kf6 45. c4 Rxh3 46. c5 Rc3 47. c6 Ke7 48. Bb7 Kd6 49. Rd8+ Ke7 50. Rd7+ Ke8 51. Rd3 Rc2+ 52. Rd2 Rc3 53. Rd3 Rc2+ 54. Ke3 f5 55. gxf5 exf5 56. Kd4 h5 57. Ke5 f4 58. Kd6 Kd8 59. Ba6 g4 60. Rb3 Rd2+ 61. Bd3 Kc8 62. c7 1-0

[Event "Alicante Easter op 6th"]
[Site "Alicante"]
[Date "2022.04.13"]
[Round "1"]
[White "Alonso Vargas, David"]
[Black "Aagaard, Jacob"]
[Result "0-1"]
[WhiteElo "1806"]
[BlackElo "2465"]
[PlyCount "94"]
[EventDate "2022.04.13"]
[EventType "swiss"]
[EventRounds "9"]
[EventCountry "ESP"]
[SourceTitle "CBM 207 Extra"]
[Source "ChessBase"]
[SourceDate "2022.05.31"]
[SourceVersion "1"]
[SourceVersionDate "2022.05.31"]
[SourceQuality "1"]

1. e4 c5 2. Nf3 Nc6 3. d4 cxd4 4. Nxd4 Qb6 5. Nb3 Nf6 6. Nc3 e6 7. Be3 Qc7 8. Be2 Bb4 9. f3 d5 10. exd5 Nxd5 11. Bd2 Nxc3 12. Bxc3 Bxc3+ 13. bxc3 0-0 14. 0-0 b6 15. Qd2 Bb7 16. Rad1 Rfd8 17. Qe3 Ne7 18. c4 Nf5 19. Qf2 Ba6 20. Nd2 Nd6 21. Qh4 Qc5+ 22. Qf2 Qxf2+ 23. Kxf2 Kf8 24. Rb1 Rac8 25. Rb4 Nb7 26. Ke3 Rc5 27. Ne4 Ra5 28. a4 Ke7 29. Bd3 Re5 30. f4 Ra5 31. h3 Nd6 32. g4 Nxe4 33. Bxe4 h5 34. g5 h4 35. Rg1 g6 36. Rg4 Rh8 37. Kd4 Bc8 38. Rg1 e5+ 39. fxe5 Bxh3 40. Bc6 Rd8+ 41. Bd5 Be6 42. Ke4 Bxd5+ 43. cxd5 Rdxd5 44. Rh1 Rxe5+ 45. Kf4 Rxg5 46. Rxh4 Rgc5 47. c4 g5+ 0-1

[Event "Laujar de Andarax op 1st"]
[Site "Laujar de Andarax"]
[Date "2021.10.12"]
[Round "7"]
[White "Alonso Vargas, David"]
[Black "Garcia Bellido, Alvaro"]
[Result "1-0"]
[WhiteElo "1857"]
[BlackElo "1638"]
[PlyCount "68"]
[EventDate "2021.10.08"]
[EventType "swiss"]
[EventRounds "7"]
[EventCountry "ESP"]
[SourceTitle "EXT 2023"]
[Source "ChessBase"]
[SourceDate "2022.10.05"]
[SourceVersion "1"]
[SourceVersionDate "2022.10.05"]
[SourceQuality "1"]

1. e4 e6 2. d4 d5 3. Nc3 Bb4 4. e5 Ne7 5. a3 Bxc3+ 6. bxc3 c5 7. Qg4 Ng6 8. h4 h5 9. Qg3 cxd4 10. Bd3 dxc3 11. Bxg6 fxg6 12. Qxg6+ Kf8 13. Nf3 Qe8 14. Qd3 a5 15. a4 Nc6 16. Ba3+ Nb4 17. Qxc3 Qe7 18. Qd2 b5 19. c3 Nd3+ 20. Qxd3 b4 21. Bc1 Ba6 22. Qd4 Ke8 23. cxb4 axb4 24. Qb6 Kd7 25. Nd4 Rhc8 26. Bg5 Qf7 27. Qd6+ Ke8 28. Nxe6 Rc2 29. Nxg7+ Qxg7 30. Qe6+ Kf8 31. Bh6 Re2+ 32. Kd1 Rc8 33. Qxa6 Rcc2 34. Bxg7+ Kxg7 1-0

[Event "ESP-ch U10"]
[Site "Salobrena"]
[Date "2020.07.25"]
[Round "9"]
[White "Ibanez Cruces, Diego"]
[Black "Alonso Vargas, David"]
[Result "0-1"]
[WhiteElo "1210"]
[BlackElo "1732"]
[PlyCount "174"]
[EventDate "2020.07.20"]
[EventType "swiss"]
[EventRounds "9"]
[EventCountry "ESP"]
[SourceTitle "EXT 2021"]
[Source "ChessBase"]
[SourceDate "2020.10.23"]
[SourceVersion "1"]
[SourceVersionDate "2020.10.23"]
[SourceQuality "1"]

1. e4 c5 2. Nf3 d6 3. d4 cxd4 4. Nxd4 Nf6 5. Nc3 a6 6. Be2 e5 7. Nb3 Be6 8. 0-0 Be7 9. f4 exf4 10. Bxf4 Nbd7 11. Kh1 Ne5 12. Nd4 Qd7 13. Nxe6 Qxe6 14. Bf3 0-0 15. Nd5 Rac8 16. Bxe5 Qxe5 17. Nxf6+ Bxf6 18. c3 b5 19. Qb3 Rc4 20. Rad1 Rfc8 21. Rd5 Qe7 22. Rfd1 Be5 23. a3 g6 24. R1d3 Qh4 25. g3 Bxg3 26. Qc2 Be5 27. Qe2 R8c5 28. Rxc5 Rxc5 29. Rd5 Qh3 30. Qg2 Qh6 31. Qe2 Qf4 32. Rd2 Rc4 33. Rd1 Qh4 34. Rg1 Kg7 35. Rg4 Qh3 36. Qg2 Qxg2+ 37. Rxg2 Kf6 38. Re2 Ke7 39. Kg2 h5 40. h3 Bf6 41. Re1 Be5 42. Bd1 f6 43. Bb3 Rc5 44. Bd5 a5 45. Re2 f5 46. Rf2 f4 47. Kf3 g5 48. Rg2 Kf6 49. Rg1 Bxc3 50. bxc3 Rxc3+ 51. Kg2 Rg3+ 52. Kh2 Rxg1 53. Kxg1 b4 54. axb4 axb4 55. Kf2 g4 56. h4 Ke5 57. Bf7 Kf6 58. Bd5 Ke5 59. Bf7 Kxe4 60. Bxh5 Kf5 61. Bf7 Kf6 62. Bd5 Kg6 63. Bb3 Kh5 64. Bd5 Kxh4 65. Bb3 f3 66. Be6 Kh3 67. Kf1 d5 68. Bxd5 Kh2 69. Bc6 b3 70. Be4 b2 71. Bb1 g3 72. Be4 g2+ 73. Kf2 g1Q+ 74. Kxf3 b1Q 75. Bxb1 Qxb1 76. Kf4 Qb3 77. Ke4 Qc3 78. Kd5 Qb4 79. Ke5 Kg3 80. Kd5 Kf3 81. Ke5 Qc5+ 82. Ke6 Kf4 83. Kf6 Qd6+ 84. Kf7 Kg5 85. Kg7 Qe7+ 86. Kg8 Kg6 87. Kh8 Qg7# 0-1

[Event "ESP-ch U10"]
[Site "Salobrena"]
[Date "2020.07.23"]
[Round "6"]
[White "Alonso Vargas, David"]
[Black "Munoz Correa, Ariadna"]
[Result "1/2-1/2"]
[WhiteElo "1732"]
[BlackElo "1129"]
[PlyCount "114"]
[EventDate "2020.07.20"]
[EventType "swiss"]
[EventRounds "9"]
[EventCountry "ESP"]
[SourceTitle "EXT 2021"]
[Source "ChessBase"]
[SourceDate "2020.10.23"]
[SourceVersion "1"]
[SourceVersionDate "2020.10.23"]
[SourceQuality "1"]

1. e4 e5 2. Nf3 Nc6 3. Bb5 a6 4. Bxc6 dxc6 5. 0-0 Bd6 6. d4 Qe7 7. Nc3 Nf6 8. Bg5 0-0 9. d5 c5 10. h3 Bd7 11. a4 c4 12. Re1 b5 13. a5 h6 14. Bh4 Qd8 15. Nd2 Be7 16. Qf3 Re8 17. Bg3 Bd6 18. b3 cxb3 19. Nxb3 Kf8 20. Qe3 Nh7 21. f4 Qf6 22. fxe5 Bxe5 23. Bxe5 Rxe5 24. Rf1 Qg6 25. Qc5+ Kg8 26. Qe3 Rh5 27. Rf3 Ng5 28. Rg3 Qf6 29. Nc5 Bc8 30. Rf1 Qe7 31. Nb3 Bd7 32. e5 b4 33. Nd1 Bb5 34. Re1 Rd8 35. Qd4 Rh4 36. Rg4 Rxg4 37. hxg4 c6 38. d6 Qe6 39. Nc5 Qg6 40. d7 Ne6 41. Qxb4 Nxc5 42. Qxc5 Qe6 43. Ne3 Rxd7 44. c4 Ba4 45. Qb4 Qxe5 46. Qxa4 Rd3 47. Nc2 Qc5+ 48. Kh1 Rd2 49. Re8+ Kh7 50. Ne3 Qg5 51. g3 Re2 52. Qxc6 Rxe3 53. Rxe3 Qxe3 54. Kh2 Qe2+ 55. Kh3 Qf1+ 56. Kh2 Qe2+ 57. Kh3 Qf1+ 1/2-1/2

[Event "ESP-ch U10"]
[Site "Salobrena"]
[Date "2020.07.22"]
[Round "5"]
[White "Diaz Reyes, Iker"]
[Black "Alonso Vargas, David"]
[Result "1-0"]
[WhiteElo "1201"]
[BlackElo "1732"]
[PlyCount "67"]
[EventDate "2020.07.20"]
[EventType "swiss"]
[EventRounds "9"]
[EventCountry "ESP"]
[SourceTitle "EXT 2021"]
[Source "ChessBase"]
[SourceDate "2020.10.23"]
[SourceVersion "1"]
[SourceVersionDate "2020.10.23"]
[SourceQuality "1"]

1. e4 d6 2. d4 Nf6 3. Nc3 g6 4. Nf3 Bg7 5. Bc4 0-0 6. 0-0 Nxe4 7. Nxe4 d5 8. Bd3 dxe4 9. Bxe4 Nd7 10. Bf4 Nf6 11. Bd3 Bg4 12. c3 Qd7 13. h3 Bxf3 14. Qxf3 c6 15. Rfe1 Rad8 16. Re2 c5 17. Rae1 Rfe8 18. Be5 cxd4 19. Bxd4 a6 20. Bc4 b5 21. Bb3 Qd6 22. Re4 a5 23. Be5 Qc6 24. Bxf6 Qxf6 25. Rf4 Qd6 26. Bxf7+ Kh8 27. Bxe8 Rxe8 28. Rf7 Qd7 29. Rexe7 Qd8 30. Qd5 Qc8 31. Rxg7 Rxe7 32. Rxe7 Qf8 33. Qe5+ Kg8 34. Re8 1-0

[Event "ESP-ch U10"]
[Site "Salobrena"]
[Date "2020.07.21"]
[Round "3"]
[White "Alonso Gimenez, Mauro"]
[Black "Alonso Vargas, David"]
[Result "1/2-1/2"]
[WhiteElo "1284"]
[BlackElo "1732"]
[PlyCount "119"]
[EventDate "2020.07.20"]
[EventType "swiss"]
[EventRounds "9"]
[EventCountry "ESP"]
[SourceTitle "EXT 2021"]
[Source "ChessBase"]
[SourceDate "2020.10.23"]
[SourceVersion "1"]
[SourceVersionDate "2020.10.23"]
[SourceQuality "1"]

1. e4 c5 2. Nc3 Nc6 3. f4 g6 4. Bb5 Nd4 5. Nf3 e6 6. 0-0 Bg7 7. a3 a6 8. Be2 Ne7 9. d3 0-0 10. Be3 b5 11. e5 Nef5 12. Bf2 Qb6 13. Nxd4 cxd4 14. Ne4 Bb7 15. Nf6+ Kh8 16. Bf3 Bxf6 17. exf6 d5 18. g4 Ne3 19. Bxe3 dxe3 20. Kh1 Qc7 21. Bg2 d4 22. Bxb7 Qxb7+ 23. Qf3 Qxf3+ 24. Rxf3 Rac8 25. c3 dxc3 26. bxc3 Rxc3 27. Rxe3 Rd8 28. f5 Rcxd3 29. Rxd3 Rxd3 30. Rc1 Rd8 31. fxe6 fxe6 32. Rc6 Re8 33. f7 Rf8 34. Rxa6 Rxf7 35. Rxe6 Rb7 36. Kg2 Kg7 37. g5 Kf7 38. Rf6+ Ke7 39. h4 b4 40. axb4 Rxb4 41. Kg3 Rd4 42. Rf4 Rxf4 43. Kxf4 Kd6 44. h5 Kd5 45. hxg6 hxg6 46. Kg4 Ke4 47. Kg3 Kf5 48. Kf3 Kxg5 49. Kg3 Kf5 50. Kf3 Ke5 51. Kg4 Kf6 52. Kf4 g5+ 53. Kg4 Kg6 54. Kg3 Kf5 55. Kf3 g4+ 56. Kg3 Kg5 57. Kg2 Kf4 58. Kf2 g3+ 59. Kg2 Kg4 60. Kg1 1/2-1/2

[Event "Gibraltar U12 op"]
[Site "Caleta"]
[Date "2017.08.20"]
[Round "4"]
[White "Alonso Vargas, David"]
[Black "Khoo Thwe, Louis"]
[Result "0-1"]
[WhiteElo "1263"]
[BlackElo "1594"]
[PlyCount "70"]
[EventDate "2017.08.18"]
[EventType "swiss"]
[EventRounds "6"]
[EventCountry "GGB"]
[SourceTitle "CBM 180 Extra"]
[Source "ChessBase"]
[SourceDate "2017.10.06"]
[SourceVersion "1"]
[SourceVersionDate "2017.10.06"]
[SourceQuality "1"]

1. Nf3 Nf6 2. g3 g6 3. Bg2 c5 4. c4 Bg7 5. 0-0 0-0 6. Nc3 Nc6 7. d3 Rb8 8. Rb1 a6 9. a3 b5 10. cxb5 axb5 11. b4 cxb4 12. axb4 Ne8 13. Bd2 d5 14. Ne1 Nc7 15. Nc2 e5 16. f4 Be6 17. fxe5 Nxe5 18. Bf4 Ng4 19. Bf3 Bxc3 20. Qc1 Rc8 21. d4 Na6 22. Qa3 Qb6 23. Rfd1 Rc4 24. e3 Ra8 25. Qb3 Bxb4 26. Be2 Rc3 27. Qb2 Ba5 28. Ra1 Rac8 29. Bd3 Rxc2 30. Bxc2 Bc3 31. Qa2 Bxa1 32. Qxa1 Rxc2 33. Qa3 Nxh2 34. Qe7 Nf3+ 35. Kf1 Bh3# 0-1